[Event "Aeroflot Open 2012 A"]
[Site "Moscow"]
[Date "2012.02.08"]
[Round "2"]
[White "Alsina Leal, Daniel"]
[Black "Balogh, Csaba"]
[Result "0-1"]
[WhiteElo "2535"]
[BlackElo "2665"]
[PlyCount "76"]
[EventDate "2012.02.07"]
[EventRounds "9"]
[EventCountry "RUS"]

1. e4 c5 2. Nf3 e6 3. d4 cxd4 4. Nxd4 a6 5. Bd3 Bc5 6. Nb3 Be7 7. Qg4 g6 8. Qe2
d6 9. O-O Nd7 10. Na3 Qc7 11. Nc4 b6 12. a4 Ngf6 13. Bh6 Bb7 14. a5 b5 15. Nb6
Nxb6 16. axb6 Qxb6 17. Na5 Nd7 18. b4 Bf6 19. Ra3 Ne5 20. c4 bxc4 21. Nxc4 Nxc4
22. Bxc4 Ke7 23. Be3 Bd4 24. Bg5+ f6 25. Bd2 Rhc8 26. Rh3 h5 27. Rg3 Kf7 28.
Kh1 Bc6 29. f4 Bb5 30. Bd3 f5 31. Re1 Re8 32. Bxb5 axb5 33. Rd3 d5 34. exd5
exd5 35. Qf1 Rxe1 36. Bxe1 Ra1 37. Rd2 Qe6 38. Re2 Qxe2 0-1

[Event "Aeroflot Open 2012 A"]
[Site "Moscow"]
[Date "2012.02.08"]
[Round "2"]
[White "Grigoriants, Sergey"]
[Black "Negi, Parimarjan"]
[Result "0-1"]
[WhiteElo "2570"]
[BlackElo "2641"]
[PlyCount "106"]
[EventDate "2012.02.07"]
[EventRounds "9"]
[EventCountry "RUS"]

1. Nf3 d5 2. d4 Nf6 3. c4 c6 4. Nc3 e6 5. e3 Nbd7 6. Qc2 Bd6 7. Be2 O-O 8. O-O
dxc4 9. Rd1 b5 10. e4 Be7 11. a4 b4 12. Nb1 Bb7 13. e5 Nd5 14. Bxc4 c5 15. Qe4
cxd4 16. Qg4 Re8 17. Nbd2 a6 18. Ne4 Qc7 19. Bxd5 Bxd5 20. Bh6 g6 21. Qf4 Bxe4
22. Qxe4 Nc5 23. Rac1 Nxe4 24. Rxc7 Nc5 25. Rxd4 Nxa4 26. Rdd7 Red8 27. h4 Rxd7
28. Rxd7 Bf8 29. Bxf8 Rxf8 30. Rb7 a5 31. Rb5 Nxb2 32. Rxa5 Rb8 33. Nd4 Nc4 34.
Rc5 Nd2 35. Rc2 b3 36. Rb2 Rb4 37. Rxd2 b2 38. Rxb2 Rxb2 39. g3 Kf8 40. Kg2 Ke7
41. Kf3 Kd7 42. Ke3 Kc7 43. Nf3 h6 44. Nd2 Kc6 45. Ne4 Rb3+ 46. Kd4 Rb4+ 47.
Ke3 Kd5 48. Nd6 Rb3+ 49. Ke2 f5 50. Nf7 Rb7 51. Nxh6 Kxe5 52. Ng8 Rg7 53. f4+
Kd6 0-1

[Event "Aeroflot Open 2012 A"]
[Site "Moscow"]
[Date "2012.02.08"]
[Round "2"]
[White "Ni, Hua"]
[Black "Ghaem Maghami, Ehsan"]
[Result "1/2-1/2"]
[WhiteElo "2641"]
[BlackElo "2570"]
[PlyCount "52"]
[EventDate "2012.02.07"]
[EventRounds "9"]
[EventCountry "RUS"]

1. e4 c5 2. Nf3 d6 3. d4 cxd4 4. Nxd4 Nf6 5. Nc3 a6 6. Be3 e5 7. Nb3 Be7 8. Qd2
O-O 9. O-O-O b5 10. f3 Be6 11. Nd5 Nxd5 12. exd5 Bd7 13. f4 Bf6 14. fxe5 Bxe5
15. Nd4 Bc8 16. Bd3 Bb7 17. Bg5 Qc7 18. Be4 Nd7 19. Rhe1 Nb6 20. Qd3 g6 21. Nc6
Bxc6 22. dxc6 Na4 23. c3 Nc5 24. Qd5 Nxe4 25. Rxe4 Rac8 26. Bf4 Bxf4+ 1/2-1/2

[Event "Aeroflot Open 2012 A"]
[Site "Moscow"]
[Date "2012.02.08"]
[Round "2"]
[White "Khairullin, Ildar"]
[Black "Esen, Baris"]
[Result "1/2-1/2"]
[WhiteElo "2638"]
[BlackElo "2534"]
[PlyCount "41"]
[EventDate "2012.02.07"]
[EventRounds "9"]
[EventCountry "RUS"]

1. d4 d5 2. c4 c6 3. Nf3 Nf6 4. Nc3 e6 5. g3 dxc4 6. Bg2 b5 7. Ne5 Qb6 8. O-O
Bb7 9. a4 a5 10. Qc2 Be7 11. Rd1 Nbd7 12. Be3 Nd5 13. Nxd7 Kxd7 14. Ne4 Nxe3
15. fxe3 Ke8 16. b3 cxb3 17. Qxb3 h5 18. Rac1 Rd8 19. Nc5 Ba8 20. Rf1 Rh6 21.
Be4 1/2-1/2

[Event "Aeroflot Open 2012 A"]
[Site "Moscow"]
[Date "2012.02.08"]
[Round "2"]
[White "Gundavaa, Bayarsaikhan"]
[Black "Safarli, Eltaj"]
[Result "1/2-1/2"]
[WhiteElo "2493"]
[BlackElo "2638"]
[PlyCount "55"]
[EventDate "2012.02.07"]
[EventRounds "9"]
[EventCountry "RUS"]

1. d4 Nf6 2. c4 g6 3. Nc3 d5 4. Bf4 Bg7 5. e3 O-O 6. Rc1 Be6 7. Qb3 b6 8. Nb5
Na6 9. Qa4 c6 10. Qxa6 cxb5 11. cxb5 Rc8 12. Ne2 Rxc1+ 13. Nxc1 Nh5 14. Bg3
Nxg3 15. hxg3 Qc7 16. Kd2 Bc8 17. Qa4 e5 18. Nb3 Bf5 19. Bd3 exd4 20. Nxd4 Bxd3
21. Kxd3 Bxd4 22. Qxd4 Rc8 23. Ke2 Qc2+ 24. Kf3 Qf5+ 25. Qf4 Qe6 26. Rd1 Rc2
27. g4 Rxb2 28. a4 1/2-1/2

[Event "Aeroflot Open 2012 A"]
[Site "Moscow"]
[Date "2012.02.08"]
[Round "2"]
[White "Mamedov, Rauf"]
[Black "Sethuraman, S.P."]
[Result "1/2-1/2"]
[WhiteElo "2636"]
[BlackElo "2529"]
[PlyCount "152"]
[EventDate "2012.02.07"]
[EventRounds "9"]
[EventCountry "RUS"]

1. c4 Nf6 2. Nc3 c5 3. g3 e6 4. Bg2 d5 5. cxd5 exd5 6. d3 d4 7. Nb1 Be7 8. Nf3
Nc6 9. O-O O-O 10. Bg5 Be6 11. Nbd2 Rc8 12. Rc1 Qb6 13. a4 h6 14. Bxf6 Bxf6 15.
Nc4 Bxc4 16. Rxc4 Na5 17. Rc2 c4 18. dxc4 Rxc4 19. Rxc4 Nxc4 20. Nd2 Nxb2 21.
Qc2 d3 22. exd3 Qd4 23. a5 b6 24. axb6 axb6 25. Be4 b5 26. Rc1 Na4 27. Kg2 Nc3
28. Qb3 b4 29. Nf3 Qd6 30. h4 Re8 31. Re1 Nxe4 32. Rxe4 Rxe4 33. dxe4 Bc3 34.
Qc4 Qe6 35. Qd3 Qc8 36. Ng1 Qa8 37. Ne2 Qa3 38. Qd8+ Kh7 39. Qd5 Qa7 40. e5 Be1
41. Nd4 b3 42. Qxb3 Qxd4 43. Qb1+ Kg8 44. Qxe1 Qd5+ 45. Kg1 Kf8 46. Qc3 Ke7 47.
f4 Ke6 48. g4 g6 49. Kf2 Qh1 50. Qg3 Qd1 51. Qf3 Qd2+ 52. Kg3 Qe1+ 53. Kh3 h5
54. Qc6+ Ke7 55. Qc5+ Ke8 56. gxh5 gxh5 57. Qc6+ Ke7 58. Qf6+ Ke8 59. Qh8+ Ke7
60. Qxh5 Qh1+ 61. Kg4 Qg2+ 62. Kf5 Qc2+ 63. Kg5 Qc6 64. e6 Qxe6 65. Qh7 Qf6+
66. Kg4 Qg6+ 67. Qxg6 fxg6 68. Kg5 Kf7 69. Kh6 Kf6 70. Kh7 Kf7 71. Kh8 Kf8 72.
Kh7 Kf7 73. Kh6 Kf6 74. h5 gxh5 75. Kxh5 Kf5 76. Kh4 Kxf4 1/2-1/2

[Event "Aeroflot Open 2012 A"]
[Site "Moscow"]
[Date "2012.02.08"]
[Round "2"]
[White "Guseinov, Gadir"]
[Black "Yilmaz, Mustafa"]
[Result "1/2-1/2"]
[WhiteElo "2634"]
[BlackElo "2521"]
[PlyCount "98"]
[EventDate "2012.02.07"]
[EventRounds "9"]
[EventCountry "RUS"]

1. e4 c5 2. Nc3 d6 3. f4 Nc6 4. Nf3 g6 5. Bb5 Bd7 6. O-O Bg7 7. d3 a6 8. Bxc6
Bxc6 9. Qe1 Qd7 10. a4 f5 11. Nd5 Bxd5 12. exd5 Nf6 13. c4 Nh5 14. Ra2 O-O 15.
Ng5 Rfb8 16. Ne6 Bf6 17. b4 b6 18. Be3 Ng7 19. Nxg7 Kxg7 20. a5 cxb4 21. Qxb4
bxa5 22. Qxa5 Rb3 23. Rd1 Qb7 24. Qe1 a5 25. Bf2 a4 26. Bh4 a3 27. Bxf6+ exf6
28. h3 Ra7 29. Kh2 Rb2 30. Rda1 Qb3 31. Qe3 Rxa2 32. Qxa7+ Kh6 33. Rxa2 Qxa2
34. c5 Qxd5 35. Qxa3 dxc5 36. Qa7 Qd6 37. g3 g5 38. fxg5+ fxg5 39. Qf7 f4 40.
g4 Qe5 41. Qf8+ Kg6 42. Qg8+ Kf6 43. Qh8+ Ke6 44. Qe8+ Kd6 45. Qb8+ Kd5 46.
Qa8+ Kd6 47. Qb8+ Ke6 48. Qe8+ Kd6 49. Qb8+ Ke6 1/2-1/2

[Event "Aeroflot Open 2012 A"]
[Site "Moscow"]
[Date "2012.02.08"]
[Round "2"]
[White "Khalifman, Alexander"]
[Black "Harika, Dronavalli"]
[Result "1-0"]
[WhiteElo "2632"]
[BlackElo "2516"]
[PlyCount "82"]
[EventDate "2012.02.07"]
[EventRounds "9"]
[EventCountry "RUS"]

1. d4 Nf6 2. c4 e6 3. g3 d5 4. Bg2 dxc4 5. Nf3 Nc6 6. O-O Rb8 7. Bg5 Be7 8. e3
O-O 9. Qc1 b5 10. Nbd2 Bb7 11. b3 cxb3 12. axb3 a6 13. Bxf6 gxf6 14. Ne4 Nb4
15. Nc5 Bxc5 16. Qxc5 Qd6 17. Qh5 Qd5 18. Qg4+ Kh8 19. Qf4 Qd8 20. e4 Rg8 21.
Rfd1 Rg6 22. Rac1 Rc8 23. Rc5 c6 24. h4 a5 25. h5 Rg8 26. Rd2 Qe7 27. Rc1 Ra8
28. d5 e5 29. Qh6 Rad8 30. Nh4 Bc8 31. dxc6 Rxd2 32. Qxd2 a4 33. bxa4 bxa4 34.
Rc4 Na6 35. Rxa4 Qc5 36. Qd5 Qc1+ 37. Kh2 Be6 38. Qd6 Nc5 39. Qe7 Nxa4 40.
Qxf6+ Rg7 41. h6 Qg5 1-0

[Event "Aeroflot Open 2012 A"]
[Site "Moscow"]
[Date "2012.02.08"]
[Round "2"]
[White "Sandipan, Chanda"]
[Black "Vidit, Santosh Gujrathi"]
[Result "1/2-1/2"]
[WhiteElo "2628"]
[BlackElo "2513"]
[PlyCount "88"]
[EventDate "2012.02.07"]
[EventRounds "9"]
[EventCountry "RUS"]

1. d4 Nf6 2. c4 e6 3. g3 d5 4. Bg2 Be7 5. Nf3 O-O 6. O-O dxc4 7. Qa4 a6 8. Qxc4
b5 9. Qc2 Bb7 10. Bd2 Bd6 11. Re1 Be4 12. Qc1 Bb7 13. Bg5 Nbd7 14. e4 Be7 15.
e5 Nd5 16. Bxe7 Qxe7 17. Ng5 c5 18. Nc3 cxd4 19. Nxd5 Bxd5 20. Bxd5 exd5 21. e6
fxe6 22. Nxe6 Rfe8 23. Qc6 Qf7 24. Nxd4 Rf8 25. f3 Nf6 26. Nf5 Qa7+ 27. Kg2
Rae8 28. Rac1 Kh8 29. Qd6 Qf7 30. Qxa6 Nd7 31. Rxe8 Qxe8 32. Nd4 Qe3 33. Rd1
Ne5 34. Qxb5 Ng4 35. Qf1 Qh6 36. fxg4 Rxf1 37. Rxf1 Kg8 38. Rf2 Qe3 39. Nf3 d4
40. Nd2 d3 41. b3 h6 42. h3 Qc5 43. Kf3 Qf8+ 44. Kg2 Qc5 1/2-1/2

[Event "Aeroflot Open 2012 A"]
[Site "Moscow"]
[Date "2012.02.08"]
[Round "2"]
[White "Fedoseev, Vladimir"]
[Black "Sjugirov, Sanan"]
[Result "0-1"]
[WhiteElo "2525"]
[BlackElo "2622"]
[PlyCount "142"]
[EventDate "2012.02.07"]
[EventRounds "9"]
[EventCountry "RUS"]

1. d4 d5 2. c4 c6 3. Nf3 Nf6 4. Nc3 dxc4 5. a4 Bf5 6. Ne5 Nbd7 7. Nxc4 Nb6 8.
Ne5 a5 9. g3 e6 10. f3 h6 11. e4 Bh7 12. Be3 Bb4 13. Qb3 Nfd7 14. Nd3 Qe7 15.
Be2 f5 16. O-O O-O 17. e5 Bg6 18. f4 Bf7 19. Bf3 Nb8 20. Kh1 Na6 21. Rg1 Bg6
22. Rg2 Kh8 23. Rc1 Rad8 24. h3 Rf7 25. Bg1 Bh7 26. Bh5 Rff8 27. Be2 Rfe8 28.
Bf2 Rf8 29. Nb1 Rg8 30. Na3 Nc7 31. Nxb4 axb4 32. Nc2 Nbd5 33. Be1 g5 34. Bd2
c5 35. a5 cxd4 36. Nxb4 gxf4 37. gxf4 Rxg2 38. Kxg2 Rg8+ 39. Kh2 d3 40. Qxd3
Nxb4 41. Qf3 Ncd5 42. Be1 Bg6 43. Rc4 Be8 44. Rc8 Qg7 45. Bf2 Bc6 46. Rxg8+
Kxg8 47. Bg3 Kh7 48. Qf2 Qc7 49. Qc5 Be8 50. Qf8 Qe7 51. Qxe7+ Nxe7 52. Be1
Ned5 53. Kg3 Kg7 54. Bc4 Kf7 55. Bd2 Ba4 56. b3 Be8 57. Kf3 Ke7 58. Ke2 Bh5+
59. Ke1 Bf3 60. Kf2 Bd1 61. Ke1 Bc2 62. Ke2 Nc6 63. Kf2 Kf7 64. Kg3 Ncb4 65.
Kh4 Nd3 66. Bxd5 exd5 67. Kh5 Bxb3 68. Kxh6 d4 69. h4 Nf2 70. h5 Ne4 71. Bb4
Bd1 0-1

[Event "Aeroflot Open 2012 A"]
[Site "Moscow"]
[Date "2012.02.08"]
[Round "2"]
[White "Solak, Dragan"]
[Black "Dubov, Daniil"]
[Result "1-0"]
[WhiteElo "2613"]
[BlackElo "2498"]
[PlyCount "89"]
[EventDate "2012.02.07"]
[EventRounds "9"]
[EventCountry "RUS"]

1. e4 c5 2. Nf3 d6 3. d4 cxd4 4. Nxd4 Nf6 5. Nc3 Nc6 6. Bg5 Bd7 7. Qd2 Rc8 8.
f4 Nxd4 9. Qxd4 Qa5 10. e5 dxe5 11. fxe5 e6 12. O-O-O Bc6 13. Nb5 Bxb5 14. exf6
Bc6 15. h4 g6 16. Bc4 Bc5 17. Qg4 h5 18. Qg3 Be4 19. Rhe1 Bf5 20. Rd5 Bg4 21.
Bd2 Qb6 22. Qf4 Kf8 23. Rd3 Kg8 24. Rb3 Qc6 25. Bd3 Bf8 26. Qe4 Qxe4 27. Rxe4
Rc7 28. Rc4 Rd7 29. Be4 b5 30. Rc8 e5 31. Rxb5 Kh7 32. Ra8 Rd6 33. Rxe5 Rxf6
34. c3 Bd6 35. Rxh8+ Kxh8 36. Ra5 Bg3 37. Rxa7 Bxh4 38. c4 Rf2 39. b4 Bf6 40.
b5 Kg7 41. b6 Bd4 42. Ra6 Re2 43. b7 Be5 44. Bd3 Rxg2 45. Bc3 1-0

[Event "Aeroflot Open 2012 A"]
[Site "Moscow"]
[Date "2012.02.08"]
[Round "2"]
[White "Ragger, Markus"]
[Black "Paikidze, Nazi"]
[Result "1-0"]
[WhiteElo "2655"]
[BlackElo "2411"]
[PlyCount "129"]
[EventDate "2012.02.07"]
[EventRounds "9"]
[EventCountry "RUS"]

1. Nf3 Nf6 2. c4 e6 3. Nc3 d5 4. d4 Bb4 5. Qa4+ Nc6 6. Bg5 h6 7. Bxf6 Qxf6 8.
e3 O-O 9. Be2 dxc4 10. O-O Bxc3 11. bxc3 e5 12. Qxc4 Rd8 13. dxe5 Qe7 14. Rfd1
Re8 15. Qf4 a6 16. Bc4 Be6 17. Bd3 Rad8 18. Nd4 Bd7 19. Qe4 Qxe5 20. Nxc6 Qxe4
21. Bxe4 Bxc6 22. Bxc6 bxc6 23. Kf1 Kf8 24. Ke2 Ke7 25. Rab1 Rxd1 26. Kxd1 Rd8+
27. Kc2 Rd5 28. Rb4 Rg5 29. g3 Rh5 30. h4 g5 31. Re4+ Kd6 32. Kd3 gxh4 33. Rxh4
Rxh4 34. gxh4 Ke5 35. Ke2 Ke4 36. f3+ Ke5 37. Kf2 Kd5 38. Ke1 Ke5 39. Ke2 Kf5
40. c4 Ke5 41. Kd3 Kf5 42. Kd4 Kg6 43. Kc5 Kh5 44. Kxc6 Kxh4 45. Kxc7 Kg3 46.
c5 h5 47. c6 h4 48. Kb6 h3 49. c7 h2 50. c8=Q h1=Q 51. Qg8+ Kf2 52. Qxf7 Qh6+
53. Kb7 Kxe3 54. f4 Qh1+ 55. Kb6 Qe4 56. f5 Qb4+ 57. Kc7 Qc5+ 58. Kd8 Qd4+ 59.
Qd7 Qb6+ 60. Ke7 Qc5+ 61. Kf7 Kf4 62. f6 Qh5+ 63. Kf8 Qc5+ 64. Kg8 Kg5 65. Qg7+
1-0

[Event "Aeroflot Open 2012 A"]
[Site "Moscow"]
[Date "2012.02.08"]
[Round "2"]
[White "Melkumyan, Hrant"]
[Black "Gopal G.N."]
[Result "1-0"]
[WhiteElo "2620"]
[BlackElo "2566"]
[PlyCount "149"]
[EventDate "2012.02.07"]
[EventRounds "9"]
[EventCountry "RUS"]

1. d4 d5 2. c4 c6 3. Nc3 Nf6 4. e3 e6 5. Nf3 Nbd7 6. Qc2 Bd6 7. Be2 O-O 8. O-O
dxc4 9. Bxc4 b5 10. Be2 Bb7 11. Rd1 Qb8 12. e4 e5 13. Bg5 exd4 14. Rxd4 c5 15.
Rd3 b4 16. Rad1 bxc3 17. Rxd6 cxb2 18. Qxb2 Bxe4 19. Qxb8 Raxb8 20. Rxd7 Nxd7
21. Rxd7 Rb1+ 22. Bf1 c4 23. Re7 Bd3 24. Ne1 h6 25. Bd2 Rfb8 26. g4 Bxf1 27.
Kxf1 R1b2 28. Bf4 R8b7 29. Re4 Rxa2 30. Rxc4 Rb1 31. Rc8+ Kh7 32. Rc7 Kg8 33.
Re7 a5 34. Kg2 Rb4 35. Kf3 a4 36. Ra7 a3 37. Ng2 Rb3+ 38. Ne3 Rd2 39. Kg2 g5
40. Nf1 Rd4 41. Be5 Rxg4+ 42. Ng3 f6 43. Bxf6 Rgb4 44. Be7 Rb7 45. Ra8+ Rb8 46.
Ra4 Rc8 47. Bxa3 Rc2 48. Ra8+ Kf7 49. Ra7+ Ke6 50. Ra6+ Kf7 51. Nf5 Ra2 52.
Nxh6+ Ke8 53. Re6+ Kd7 54. Re7+ Kc6 55. Bc1 Rb5 56. Nf7 g4 57. Bf4 Rb4 58. Bg3
Ra1 59. Ne5+ Kd5 60. Rg7 Raa4 61. Rg6 Re4 62. Nd3 Rad4 63. Nb2 Re6 64. Rg5+ Kc6
65. Re5 Kd7 66. Rc5 Re1 67. Nc4 Ree4 68. Ne3 Ke6 69. Rg5 Ra4 70. Bh4 Rf4 71.
Rg7 Rab4 72. Re7+ Kd6 73. Bg3 Kxe7 74. Bxf4 Kf6 75. Nd5+ 1-0

[Event "Aeroflot Open 2012 A"]
[Site "Moscow"]
[Date "2012.02.08"]
[Round "2"]
[White "Bocharov, Dmitry"]
[Black "Pridorozhni, Aleksei"]
[Result "1/2-1/2"]
[WhiteElo "2611"]
[BlackElo "2555"]
[PlyCount "91"]
[EventDate "2012.02.07"]
[EventRounds "9"]
[EventCountry "RUS"]

1. d4 Nf6 2. c4 g6 3. Nc3 Bg7 4. e4 d6 5. f3 O-O 6. Be3 c6 7. Nge2 a6 8. c5 b5
9. cxd6 exd6 10. Nf4 Re8 11. Qd2 Nbd7 12. Be2 Bb7 13. O-O Qe7 14. Rfd1 Nb6 15.
a3 Nfd5 16. Bf2 Nxc3 17. Qxc3 Rac8 18. Qa5 Nc4 19. Qc3 c5 20. Bxc4 cxd4 21.
Bxd4 Rxc4 22. Qe3 Bxd4 23. Rxd4 f5 24. Rad1 fxe4 25. Rxd6 exf3 26. Re6 f2+ 27.
Qxf2 Qf7 28. Rxe8+ Qxe8 29. Qb6 Qe7 30. Qd8+ Qxd8 31. Rxd8+ Kf7 32. Rd7+ Kg8
33. Rxb7 Rxf4 34. Rb6 Rc4 35. h3 Ra4 36. Kf2 Kg7 37. Ke3 Kh6 38. Kf3 Kg5 39. g3
h5 40. h4+ Kf5 41. Rc6 Rd4 42. Rxa6 Rd3+ 43. Kg2 Rd2+ 44. Kh3 Rxb2 45. a4 bxa4
46. Rxa4 1/2-1/2

[Event "Aeroflot Open 2012 A"]
[Site "Moscow"]
[Date "2012.02.08"]
[Round "2"]
[White "Savchenko, Boris"]
[Black "Ju, Wenjun"]
[Result "0-1"]
[WhiteElo "2609"]
[BlackElo "2552"]
[PlyCount "80"]
[EventDate "2012.02.07"]
[EventRounds "9"]
[EventCountry "RUS"]

1. e4 c5 2. Nf3 d6 3. d4 cxd4 4. Nxd4 Nf6 5. Nc3 a6 6. Bg5 e6 7. f4 Be7 8. Qf3
Qc7 9. O-O-O Nbd7 10. g4 b5 11. Bxf6 Nxf6 12. g5 Nd7 13. f5 O-O 14. h4 b4 15.
Nce2 e5 16. Nb3 f6 17. g6 h6 18. c3 a5 19. Kb1 Nb6 20. Rc1 Qa7 21. c4 Bb7 22.
Ng3 Nd7 23. Qe2 a4 24. Nd2 Bd8 25. Nf3 Bb6 26. Bg2 Rfc8 27. Rhd1 Bf2 28. Nf1
Nc5 29. Nxe5 Nb3 30. Nf7 Nxc1 31. Rxc1 b3 32. a3 Bc5 33. Qd2 Re8 34. Bf3 Bc6
35. Qg2 Qb7 36. Rd1 Bxe4+ 37. Bxe4 Qxe4+ 38. Qxe4 Rxe4 39. Ng3 Rxh4 40. Re1 Bf2
0-1

[Event "Aeroflot Open 2012 A"]
[Site "Moscow"]
[Date "2012.02.08"]
[Round "2"]
[White "Robson, Ray"]
[Black "Szabo, Krisztian"]
[Result "1-0"]
[WhiteElo "2596"]
[BlackElo "2547"]
[PlyCount "55"]
[EventDate "2012.02.07"]
[EventRounds "9"]
[EventCountry "RUS"]

1. d4 d5 2. c4 c6 3. Nf3 Nf6 4. Nc3 e6 5. Bg5 h6 6. Bh4 dxc4 7. e4 g5 8. Bg3 b5
9. Be2 Bb7 10. Qc2 Nbd7 11. Rd1 Bb4 12. O-O O-O 13. Ne5 Nxe5 14. dxe5 Nd7 15.
f4 Qe7 16. fxg5 Rad8 17. gxh6 Nc5 18. Qc1 Rxd1 19. Nxd1 Nd3 20. Bxd3 cxd3 21.
h7+ Kxh7 22. Qf4 Rg8 23. Bh4 Qc5+ 24. Nf2 Qd4 25. Kh1 Rg7 26. Ng4 Kg8 27. Nf6+
Kf8 28. Qh6 1-0

[Event "Aeroflot Open 2012 A"]
[Site "Moscow"]
[Date "2012.02.08"]
[Round "2"]
[White "Rakhmanov, Aleksandr"]
[Black "Tukhaev, Adam"]
[Result "1-0"]
[WhiteElo "2593"]
[BlackElo "2537"]
[PlyCount "85"]
[EventDate "2012.02.07"]
[EventRounds "9"]
[EventCountry "RUS"]

1. c4 b6 2. Nc3 e6 3. d4 Bb4 4. e3 Bxc3+ 5. bxc3 Ne7 6. Bd3 c5 7. e4 Nbc6 8.
Nf3 Ba6 9. d5 Na5 10. Qe2 d6 11. dxe6 fxe6 12. Bg5 h6 13. Bh4 e5 14. Nd2 O-O
15. Nf1 Qd7 16. Bxe7 Qxe7 17. Ne3 Rf7 18. f3 Raf8 19. Rd1 Qh4+ 20. Qf2 Qg5 21.
Qe2 Qh4+ 22. Qf2 Qg5 23. Be2 Qg6 24. Qg3 Qe6 25. Rd5 Bb7 26. Rd2 Ba6 27. Rd5
Bb7 28. Rd2 Ba6 29. Qg4 Qxg4 30. Nxg4 Nxc4 31. Bxc4 Bxc4 32. Rxd6 Bxa2 33. Nxe5
Rc7 34. Kd2 Rf6 35. Rd8+ Rf8 36. Rd6 Rf6 37. Rd8+ Kh7 38. Ra1 Bg8 39. Ke3 b5
40. Rb8 a6 41. Rd1 Bb3 42. Rdd8 g5 43. g3 1-0

[Event "Aeroflot Open 2012 A"]
[Site "Moscow"]
[Date "2012.02.08"]
[Round "2"]
[White "Ipatov, Alexander"]
[Black "Pap, Gyula"]
[Result "1/2-1/2"]
[WhiteElo "2586"]
[BlackElo "2533"]
[PlyCount "103"]
[EventDate "2012.02.07"]
[EventRounds "9"]
[EventCountry "RUS"]

1. d4 g6 2. c4 Bg7 3. e4 d6 4. Nf3 Bg4 5. Be2 Nc6 6. Be3 e5 7. d5 Bxf3 8. Bxf3
Nd4 9. Nc3 Ne7 10. h4 c6 11. h5 Qa5 12. Rb1 Rc8 13. Qd2 cxd5 14. h6 Bf6 15.
Bxd4 exd4 16. Nxd5 Qxd2+ 17. Kxd2 Nxd5 18. cxd5 O-O 19. Bg4 Rc7 20. f4 Re8 21.
Kd3 Rce7 22. e5 dxe5 23. d6 e4+ 24. Kd2 Re6 25. d7 Rd8 26. Bxe6 fxe6 27. Rhe1
e3+ 28. Kd3 Rxd7 29. Rbc1 Kf7 30. Rc8 Bd8 31. Rec1 g5 32. g3 Kg6 33. R1c5 Kxh6
34. Re5 Kh5 35. fxg5 Kg4 36. Rxe6 Bxg5 37. Rg8 Rd5 38. Rh6 Re5 39. Rh4+ Kxg3
40. Rxh7 e2 41. Rxg5+ Rxg5 42. Kxe2 Ra5 43. Rxb7 Rxa2 44. Kd3 a5 45. Kxd4 a4
46. Kc3 Kf4 47. Re7 Kf5 48. Re1 Kf6 49. Re3 Kf7 50. Kc2 a3 51. Rxa3 Rxa3 52.
bxa3 1/2-1/2

[Event "Aeroflot Open 2012 A"]
[Site "Moscow"]
[Date "2012.02.08"]
[Round "2"]
[White "Bosiocic, Marin"]
[Black "Bukavshin, Ivan"]
[Result "1-0"]
[WhiteElo "2580"]
[BlackElo "2517"]
[PlyCount "61"]
[EventDate "2012.02.07"]
[EventRounds "9"]
[EventCountry "RUS"]

1. d4 d5 2. c4 c6 3. Nc3 Nf6 4. e3 e6 5. Nf3 Nbd7 6. Bd3 dxc4 7. Bxc4 b5 8. Bd3
Bb7 9. O-O a6 10. e4 c5 11. d5 c4 12. Bc2 Qc7 13. dxe6 fxe6 14. Ne2 e5 15. Ng3
Bc5 16. b3 c3 17. a3 a5 18. Ng5 O-O-O 19. b4 axb4 20. axb4 Bxb4 21. Be3 Bc5 22.
Ne6 Qb6 23. Nxc5 Nxc5 24. Qe2 Qc6 25. Rfb1 Ne6 26. Nf5 Rd7 27. Rxb5 Nd4 28.
Nxd4 exd4 29. Bf4 Rdd8 30. Ra7 Rd7 31. Ra8+ 1-0

[Event "Aeroflot Open 2012 A"]
[Site "Moscow"]
[Date "2012.02.08"]
[Round "2"]
[White "Jumabayev, Rinat"]
[Black "Lu, Shanglei"]
[Result "1/2-1/2"]
[WhiteElo "2573"]
[BlackElo "2516"]
[PlyCount "110"]
[EventDate "2012.02.07"]
[EventRounds "9"]
[EventCountry "RUS"]

1. c4 e6 2. Nf3 d5 3. g3 Nf6 4. Bg2 c6 5. d4 Nbd7 6. O-O b6 7. Nc3 Bb7 8. Bf4
a6 9. a4 Be7 10. Ne5 O-O 11. e4 Nxe5 12. dxe5 Nxe4 13. Nxe4 dxe4 14. Bxe4 Qc7
15. Qh5 g6 16. Qf3 Rfd8 17. Rad1 Rab8 18. h4 Rxd1 19. Rxd1 c5 20. Bxb7 Qxb7 21.
Kg2 Kf8 22. h5 gxh5 23. Rh1 b5 24. axb5 axb5 25. Bh6+ Ke8 26. Qxb7 Rxb7 27.
Rxh5 bxc4 28. Bc1 Rd7 29. Rxh7 Rd1 30. Rh1 Rxh1 31. Kxh1 Kd7 32. Bd2 Kc6 33.
Kg2 Kd5 34. Bc3 Ke4 35. f4 Ke3 36. Ba5 f5 37. Bc7 Ke4 38. Kf2 Kd3 39. Ba5 Ke4
40. Ke2 c3 41. Bxc3 c4 42. Be1 Bc5 43. Bf2 Bb4 44. Ba7 c3 45. bxc3 Bxc3 46. Be3
Bb4 47. Bb6 Bc3 48. Bc5 Kd5 49. Bb6 Ke4 50. Kf2 Bb4 51. Kg2 Be1 52. Bc5 Bd2 53.
Kf2 Ba5 54. Ke2 Bc3 55. Be3 Bb4 1/2-1/2

[Event "Aeroflot Open 2012 A"]
[Site "Moscow"]
[Date "2012.02.08"]
[Round "2"]
[White "Venkatesh, M.R.."]
[Black "Shomoev, Anton"]
[Result "1-0"]
[WhiteElo "2499"]
[BlackElo "2570"]
[PlyCount "113"]
[EventDate "2012.02.07"]
[EventRounds "9"]
[EventCountry "RUS"]

1. Nf3 c5 2. c4 Nf6 3. g3 b6 4. Bg2 Bb7 5. b3 e6 6. Bb2 Be7 7. O-O O-O 8. e3 d6
9. d3 Nbd7 10. Nbd2 a6 11. e4 b5 12. Qe2 Ne8 13. d4 cxd4 14. Nxd4 b4 15. f4 Qb6
16. Kh1 Bf6 17. N2f3 g6 18. e5 Bg7 19. Rad1 dxe5 20. Nxe5 Nxe5 21. fxe5 Rc8 22.
Nc2 a5 23. Rd7 Rc7 24. Rfd1 Bxg2+ 25. Qxg2 f6 26. Rxc7 Qxc7 27. Nd4 Qxe5 28.
Nc6 Qh5 29. g4 Qc5 30. Bd4 Qd6 31. Rd2 Kh8 32. Bb6 Qf4 33. Bxa5 f5 34. Bxb4 Rg8
35. Nd8 Bf6 36. Nxe6 Qb8 37. Bc5 Qc8 38. Re2 fxg4 39. Qxg4 Ng7 40. Bd4 Bxd4 41.
Qxd4 Qb7+ 42. Kg1 h6 43. Qh4 h5 44. Qd4 Qf7 45. c5 Qf5 46. Qf4 Qb1+ 47. Kg2 Nf5
48. Qe5+ Kh7 49. Rd2 Kh6 50. Kf2 Re8 51. Re2 Rg8 52. Qf4+ Kh7 53. Ng5+ Kh6 54.
c6 Rc8 55. c7 Qa1 56. Ne4+ Kh7 57. Rd2 1-0

[Event "Aeroflot Open 2012 A"]
[Site "Moscow"]
[Date "2012.02.08"]
[Round "2"]
[White "Jankovic, Alojzije"]
[Black "Shyam, Sundar M"]
[Result "1/2-1/2"]
[WhiteElo "2568"]
[BlackElo "2462"]
[PlyCount "174"]
[EventDate "2012.02.07"]
[EventRounds "9"]
[EventCountry "RUS"]

1. c4 e6 2. Nf3 d5 3. g3 dxc4 4. Qa4+ Nd7 5. Qxc4 a6 6. Bg2 b5 7. Qc2 Bb7 8.
O-O Ngf6 9. d3 Be7 10. b3 O-O 11. Bb2 c5 12. Nbd2 Rc8 13. Rac1 Qb6 14. Qb1 Rfd8
15. e4 Nb8 16. e5 Ne8 17. d4 h6 18. dxc5 Bxc5 19. g4 Nc6 20. Ne4 Nd4 21. Bxd4
Bxd4 22. Rxc8 Rxc8 23. g5 hxg5 24. Nexg5 g6 25. Nxf7 Kxf7 26. Ng5+ Kg7 27. Bxb7
Rc7 28. Bg2 Bxe5 29. Qe4 Qd6 30. f4 Qd4+ 31. Kh1 Qxe4 32. Bxe4 Kf6 33. Nxe6
Kxe6 34. fxe5 Kxe5 35. Bxg6 Nf6 36. Rf5+ Ke6 37. h4 Rc3 38. Kg2 Ng4 39. Rf4
Ne3+ 40. Kf2 Nd5 41. Rf8 Nf6 42. Ra8 Ke5 43. Rxa6 Rh3 44. Rb6 Rxh4 45. Rxb5+
Kd6 46. a4 Nd5 47. Bd3 Rb4 48. Rxb4 Nxb4 49. Ke3 Kc5 50. a5 Nc6 51. a6 Kb6 52.
Ke4 Ka7 53. Kd5 Ne7+ 54. Kd6 Nc8+ 55. Kc7 Nb6 56. Bc4 Na8+ 57. Kd6 Nb6 58. Bb5
Nc8+ 59. Kc7 Nb6 60. Kd8 Nd5 61. Kd7 Nb6+ 62. Kc6 Nc8 63. Bc4 Nb6 64. Kb5 Na8
65. Ka5 Nb6 66. Bb5 Nc8 67. Bc6 Nb6 68. Kb5 Nc8 69. Bb7 Nb6 70. Kc6 Kb8 71. Kd6
Ka7 72. Kc7 Na4 73. Kd6 Nb6 74. Kc6 Kb8 75. Kb5 Ka7 76. Bg2 Nc8 77. Bh3 Nb6 78.
Be6 Na8 79. Bc4 Nb6 80. Be6 Na8 81. Kc6 Kxa6 82. Bc8+ Ka7 83. Be6 Ka6 84. Bc4+
Ka7 85. b4 Nb6 86. Bb3 Na8 87. b5 Nb6 1/2-1/2

[Event "Aeroflot Open 2012 A"]
[Site "Moscow"]
[Date "2012.02.08"]
[Round "2"]
[White "Grigoryan, Karen H"]
[Black "Al-Modiahki, Mohamad"]
[Result "1-0"]
[WhiteElo "2482"]
[BlackElo "2567"]
[PlyCount "79"]
[EventDate "2012.02.07"]
[EventRounds "9"]
[EventCountry "RUS"]

1. d4 Nf6 2. Nf3 g6 3. Bg5 Bg7 4. Nbd2 d6 5. e4 h6 6. Bh4 g5 7. Bg3 Nh5 8. c3
e6 9. Bd3 Nc6 10. Qb3 a5 11. a4 O-O 12. O-O-O Ne7 13. Nf1 Ng6 14. Ne3 Bd7 15.
h4 Nxg3 16. fxg3 gxh4 17. gxh4 Qe8 18. Bc2 b5 19. h5 bxa4 20. Qa2 Ne7 21. g4
Kh8 22. g5 f6 23. gxf6 Rxf6 24. Nh4 Rf4 25. Rdg1 Bf6 26. Ng6+ Nxg6 27. hxg6 Kg7
28. Qc4 Rh4 29. Rxh4 Bxh4 30. Rf1 Rc8 31. Qe2 Qxg6 32. e5 Qg5 33. Qf3 Kh8 34.
Rh1 Kg7 35. Qe4 Bf2 36. Qh7+ Kf8 37. Qxd7 Re8 38. Kb1 Bxe3 39. Rf1+ Bf4 40.
exd6 1-0